[Event "2025 National K-12 Grade Championship"]
[Site "Spokane, WI USA, United States"]
[Date "2025.12.14"]
[Round "7.29"]
[White "Wang, Matthew"]
[Black "Neshvadian, Dario"]
[Result "1/2-1/2"]
[TimeControl "G/90; d10"]
[WhiteFideId "39938794"]
[WhiteElo "1570"]
[BlackElo "1345"]

1. e4 {[%clk 01:30:00]} {[%emt 00:00:03]} e5 {[%clk 01:30:00]} {[%emt
00:00:05]} 2. Nf3 {[%clk 01:30:00]} {[%emt 00:00:04]} Nc6 {[%clk 01:30:00]}
{[%emt 00:00:04]} 3. Bb5 {[%clk 01:30:00]} {[%emt 00:00:04]} a6 {[%clk
01:29:58]} {[%emt 00:00:13]} 4. Ba4 {[%clk 01:29:59]} {[%emt 00:00:11]} Nf6
{[%clk 01:29:56]} {[%emt 00:00:12]} 5. O-O {[%clk 01:29:54]} {[%emt 00:00:14]}
b5 {[%clk 01:29:56]} {[%emt 00:00:09]} 6. Bb3 {[%clk 01:29:54]} {[%emt
00:00:08]} Bc5 {[%clk 01:29:56]} {[%emt 00:00:07]} 7. c3 {[%clk 01:29:33]}
{[%emt 00:00:32]} O-O {[%clk 01:29:38]} {[%emt 00:00:29]} 8. Re1 {[%clk
01:29:10]} {[%emt 00:00:32]} d6 {[%clk 01:29:18]} {[%emt 00:00:30]} 9. d3
{[%clk 01:28:32]} {[%emt 00:00:48]} h6 {[%clk 01:29:18]} {[%emt 00:00:07]} 10.
Nbd2 {[%clk 01:28:11]} {[%emt 00:00:31]} Be6 {[%clk 01:28:58]} {[%emt
00:00:31]} 11. Nf1 {[%clk 01:26:49]} {[%emt 00:01:32]} a5 {[%clk 01:27:31]}
{[%emt 00:01:37]} 12. Bc2 {[%clk 01:23:11]} {[%emt 00:03:48]} Ba7 {[%clk
01:26:09]} {[%emt 00:01:33]} 13. Be3 {[%clk 01:20:46]} {[%emt 00:02:35]} Ne7
{[%clk 01:24:37]} {[%emt 00:01:41]} 14. Bxa7 {[%clk 01:19:07]} {[%emt
00:01:50]} Rxa7 {[%clk 01:24:35]} {[%emt 00:00:12]} 15. d4 {[%clk 01:13:58]}
{[%emt 00:05:19]} exd4 {[%clk 01:23:08]} {[%emt 00:01:37]} 16. cxd4 {[%clk
01:12:43]} {[%emt 00:01:24]} Ng6 {[%clk 01:15:49]} {[%emt 00:07:29]} 17. d5
{[%clk 01:07:43]} {[%emt 00:05:11]} Bg4 {[%clk 01:14:58]} {[%emt 00:01:01]} 18.
h3 {[%clk 01:06:15]} {[%emt 00:01:37]} Bxf3 {[%clk 01:14:51]} {[%emt 00:00:18]}
19. Qxf3 {[%clk 01:06:04]} {[%emt 00:00:22]} Qe7 {[%clk 01:13:17]} {[%emt
00:01:45]} 20. Ng3 {[%clk 01:03:54]} {[%emt 00:02:20]} Qe5 {[%clk 01:08:51]}
{[%emt 00:04:35]} 21. Qc3 {[%clk 00:59:49]} {[%emt 00:04:13]} Qg5 {[%clk
01:04:14]} {[%emt 00:04:50]} 22. Qe3 {[%clk 00:58:05]} {[%emt 00:01:54]} Qe5
{[%clk 01:04:01]} {[%emt 00:00:22]} 23. Qxa7 {[%clk 00:56:58]} {[%emt
00:01:18]} Qxb2 {[%clk 01:03:09]} {[%emt 00:01:01]} 24. Bd3 {[%clk 00:55:23]}
{[%emt 00:01:46]} Ne5 {[%clk 01:01:08]} {[%emt 00:02:11]} 25. Qe3 {[%clk
00:53:48]} {[%emt 00:01:43]} Qc3 {[%clk 01:00:51]} {[%emt 00:00:28]} 26. Bxb5
{[%clk 00:50:57]} {[%emt 00:03:01]} Qc2 {[%clk 01:00:03]} {[%emt 00:00:58]} 27.
Rec1 {[%clk 00:49:46]} {[%emt 00:01:21]} Qb2 {[%clk 00:59:36]} {[%emt
00:00:35]} 28. a4 {[%clk 00:48:07]} {[%emt 00:01:50]} Kh8 {[%clk 00:54:36]}
{[%emt 00:05:10]} 29. Qc3 {[%clk 00:47:15]} {[%emt 00:00:57]} Qxc3 {[%clk
00:52:13]} {[%emt 00:02:39]} 30. Rxc3 {[%clk 00:47:15]} {[%emt 00:00:07]} Rc8
{[%clk 00:52:10]} {[%emt 00:00:12]} 31. Rac1 {[%clk 00:46:25]} {[%emt
00:01:00]} 1/2-1/2

[Event "2025 National K-12 Grade Championship"]
[Site "Spokane, WI USA, United States"]
[Date "2025.12.14"]
[Round "7.30"]
[White "Lai, Ryan"]
[Black "Yilanli, Mehmet"]
[Result "0-1"]
[TimeControl "G/90; d10"]
[WhiteFideId "39971112"]
[BlackFideId "39959961"]
[WhiteElo "1272"]
[BlackElo "1959"]

1. d4 {[%clk 01:30:00]} {[%emt 00:00:02]} d5 {[%clk 01:30:00]} {[%emt
00:00:02]} 2. Nc3 {[%clk 01:30:00]} {[%emt 00:00:06]} Nf6 {[%clk 01:30:00]}
{[%emt 00:00:08]} 3. Bf4 {[%clk 01:30:00]} {[%emt 00:00:07]} a6 {[%clk
01:30:00]} {[%emt 00:00:05]} 4. e3 {[%clk 01:30:00]} {[%emt 00:00:06]} c5
{[%clk 01:30:00]} {[%emt 00:00:06]} 5. dxc5 {[%clk 01:30:00]} {[%emt 00:00:10]}
Nc6 {[%clk 01:30:00]} {[%emt 00:00:06]} 6. Na4 {[%clk 01:30:00]} {[%emt
00:00:06]} e5 {[%clk 01:29:29]} {[%emt 00:00:41]} 7. Bg5 {[%clk 01:30:00]}
{[%emt 00:00:09]} Qa5+ {[%clk 01:29:25]} {[%emt 00:00:14]} 8. c3 {[%clk
01:30:00]} {[%emt 00:00:05]} Ne4 {[%clk 01:29:07]} {[%emt 00:00:27]} 9. Bh4
{[%clk 01:28:16]} {[%emt 00:01:55]} Nxc5 {[%clk 01:27:42]} {[%emt 00:01:35]} 10.
Nxc5 {[%clk 01:27:59]} {[%emt 00:00:27]} Qxc5 {[%clk 01:27:29]} {[%emt
00:00:23]} 11. Qd2 {[%clk 01:27:41]} {[%emt 00:00:28]} Be6 {[%clk 01:27:13]}
{[%emt 00:00:26]} 12. O-O-O {[%clk 01:27:19]} {[%emt 00:00:32]} Bd6 {[%clk
01:26:22]} {[%emt 00:01:00]} 13. f3 {[%clk 01:26:29]} {[%emt 00:01:00]} O-O
{[%clk 01:26:21]} {[%emt 00:00:12]} 14. Bf2 {[%clk 01:26:29]} {[%emt 00:00:05]}
Rac8 {[%clk 01:25:37]} {[%emt 00:00:51]} 15. Kb1 {[%clk 01:25:53]} {[%emt
00:00:49]} Qa5 {[%clk 01:24:54]} {[%emt 00:00:53]} 16. a3 {[%clk 01:23:57]}
{[%emt 00:02:06]} Rfd8 {[%clk 01:22:36]} {[%emt 00:02:27]} 17. h4 {[%clk
01:22:30]} {[%emt 00:01:39]} Qb6 {[%clk 01:21:58]} {[%emt 00:00:47]} 18. g4
{[%clk 01:21:07]} {[%emt 00:01:34]} Bxa3 {[%clk 01:21:46]} {[%emt 00:00:22]} 19.
h5 {[%clk 01:20:50]} {[%emt 00:00:26]} d4 {[%clk 01:20:59]} {[%emt 00:00:57]}
20. exd4 {[%clk 01:19:55]} {[%emt 00:01:05]} exd4 {[%clk 01:20:59]} {[%emt
00:00:08]} 21. cxd4 {[%clk 01:19:35]} {[%emt 00:00:30]} Qb3 {[%clk 01:20:58]}
{[%emt 00:00:11]} 22. Rc1 {[%clk 01:17:31]} {[%emt 00:02:15]} Nb4 {[%clk
01:20:58]} {[%emt 00:00:08]} 0-1